[Event "ISL-chT1 2122"]
[Site "Reykjavik"]
[Date "2022.03.06"]
[Round "10.3"]
[White "Thorsteinsson, Erlingur"]
[Black "Johannesson, Ingvar Thor"]
[Result "1/2-1/2"]
[WhiteElo "2051"]
[BlackElo "2315"]
[PlyCount "136"]
[EventDate "2021.09.30"]
[EventType "team-tourn"]
[EventRounds "10"]
[EventCountry "ISL"]
[SourceTitle "EXT 2023"]
[Source "ChessBase"]
[SourceDate "2022.10.05"]
[SourceVersion "1"]
[SourceVersionDate "2022.10.05"]
[SourceQuality "1"]
[WhiteTeam "Skakdeild Fjolnis"]
[BlackTeam "Taflfelag Reykjavikur"]
[WhiteTeamCountry "ISL"]
[BlackTeamCountry "ISL"]

1. d4 Nf6 2. c4 c5 3. d5 e6 4. Nc3 exd5 5. cxd5 d6 6. Nf3 g6 7. Bf4 a6 8. a4 Bg7 9. h3 0-0 10. e3 Qe7 11. Be2 Nbd7 12. 0-0 Ne8 13. Nd2 Ne5 14. Nc4 Nxc4 15. Bxc4 Rb8 16. Qe2 Nc7 17. Rfe1 Bd7 18. a5 b5 19. axb6 Rxb6 20. e4 Rfb8 21. Ra2 Be5 22. Bxe5 Qxe5 23. Qd2 g5 24. Bf1 Bb5 25. g3 Bxf1 26. Kxf1 Nb5 27. Nxb5 Rxb5 28. Re2 Rb3 29. Kg2 R8b4 30. Kh2 h6 31. f4 gxf4 32. gxf4 Qh5 33. Re3 Rxe3 34. Qxe3 Qd1 35. Qg1+ Qxg1+ 36. Kxg1 Rxe4 37. Rxa6 Rxf4 38. Rxd6 Rd4 39. Rxh6 Rxd5 40. Rc6 Rf5 41. Kg2 Kg7 42. Kg3 f6 43. h4 Kg6 44. Kg4 Rd5 45. b3 Rd4+ 46. Kg3 Rd3+ 47. Kg4 Rd5 48. Rc8 Rd4+ 49. Kg3 Rd3+ 50. Kg4 Rxb3 51. Rxc5 Rb4+ 52. Kg3 Rb3+ 53. Kg4 Rb4+ 54. Kg3 Rb6 55. Kg4 Ra6 56. Rb5 Ra1 57. Rc5 Rg1+ 58. Kf4 Rh1 59. Kg3 Rg1+ 60. Kf4 Rf1+ 61. Kg3 Rd1 62. Kf4 Rd4+ 63. Kg3 f5 64. Ra5 Rg4+ 65. Kh3 Rf4 66. Kg3 Rg4+ 67. Kh3 Rf4 68. Kg3 Rg4+ 1/2-1/2

[Event "ISL-chT1 2122"]
[Site "Reykjavik"]
[Date "2021.10.03"]
[Round "5.3"]
[White "Arnason, Arni A"]
[Black "Thorsteinsson, Erlingur"]
[Result "0-1"]
[WhiteElo "2127"]
[BlackElo "2051"]
[PlyCount "129"]
[EventDate "2021.09.30"]
[EventType "team-tourn"]
[EventRounds "10"]
[EventCountry "ISL"]
[SourceTitle "EXT 2022"]
[Source "ChessBase"]
[SourceDate "2021.10.06"]
[SourceVersion "1"]
[SourceVersionDate "2021.10.06"]
[SourceQuality "1"]
[WhiteTeam "Taflfelag Reykjavikur"]
[BlackTeam "Skakdeild Fjolnis"]
[WhiteTeamCountry "ISL"]
[BlackTeamCountry "ISL"]

1. d4 d5 2. Nf3 Nf6 3. c4 c6 4. Nc3 e6 5. cxd5 cxd5 6. Bg5 Be7 7. e3 Ne4 8. Bxe7 Qxe7 9. Bd3 Nd6 10. 0-0 0-0 11. Rc1 Nc6 12. a3 Bd7 13. b4 a6 14. Na4 Rad8 15. Nc5 f6 16. Qb3 Kh8 17. Rfe1 Rfe8 18. e4 dxe4 19. Nxe4 Nf5 20. Qb2 Nfxd4 21. Nxd4 Nxd4 22. Rc7 Qf8 23. Bxa6 bxa6 24. Qxd4 Bc6 25. Qe3 Bd5 26. h3 Rc8 27. Rec1 Rxc7 28. Rxc7 Rc8 29. Rxc8 Qxc8 30. Qc5 Qa8 31. f3 Bxe4 32. fxe4 h6 33. Qc4 e5 34. a4 Qb7 35. b5 Qb6+ 36. Kf1 axb5 37. axb5 Qe3 38. Qe2 Qc1+ 39. Kf2 Qc5+ 40. Kf3 Qc1 41. Kf2 Qc5+ 42. Kg3 Kh7 43. Kh2 Qd4 44. Kh1 Qa1+ 45. Kh2 Qd4 46. Qf3 Qb6 47. Qb3 Kg6 48. Qc4 Qe3 49. Qc6 Qf4+ 50. Kg1 Qe3+ 51. Kf1 Qd3+ 52. Ke1 Qe3+ 53. Kd1 Qg1+ 54. Kc2 Qxg2+ 55. Kb3 Qxh3+ 56. Kb4 Qd3 57. b6 Qd4+ 58. Kb5 Qb2+ 59. Ka6 Qa3+ 60. Kb7 h5 61. Kc7 Qe7+ 62. Qd7 Qc5+ 63. Qc6 Qe7+ 64. Qd7 Qc5+ 65. Kb7 0-1

[Event "ISL-chT1 2122"]
[Site "Reykjavik"]
[Date "2021.10.02"]
[Round "3.3"]
[White "Thorsteinsson, Erlingur"]
[Black "Johannsson, Birkir Isak"]
[Result "1/2-1/2"]
[WhiteElo "2051"]
[BlackElo "2084"]
[PlyCount "54"]
[EventDate "2021.09.30"]
[EventType "team-tourn"]
[EventRounds "10"]
[EventCountry "ISL"]
[SourceTitle "EXT 2022"]
[Source "ChessBase"]
[SourceDate "2021.10.06"]
[SourceVersion "1"]
[SourceVersionDate "2021.10.06"]
[SourceQuality "1"]
[WhiteTeam "Skakdeild Fjolnis"]
[BlackTeam "Breidjablik Bolungarvik"]
[WhiteTeamCountry "ISL"]
[BlackTeamCountry "ISL"]

1. d3 d5 2. g3 g6 3. Bg2 Bg7 4. f4 Nf6 5. Nf3 b6 6. c4 0-0 7. Ne5 Bb7 8. Nc3 c5 9. 0-0 e6 10. e3 Nc6 11. cxd5 Nxe5 12. fxe5 Nxd5 13. d4 Nxc3 14. bxc3 Bxg2 15. Kxg2 Qd5+ 16. Qf3 Qxf3+ 17. Rxf3 Rfd8 18. Bb2 Rac8 19. Raf1 Rd7 20. g4 b5 21. a3 a5 22. R3f2 Bf8 23. Kf3 b4 24. axb4 axb4 25. cxb4 cxd4 26. exd4 Bxb4 27. Ke4 Rcc7 1/2-1/2

[Event "ISL-chT1 2122"]
[Site "Reykjavik"]
[Date "2021.10.02"]
[Round "4.1"]
[White "Thorsteinsson, Erlingur"]
[Black "Karlsson, Mikael Johann"]
[Result "1-0"]
[WhiteElo "2051"]
[BlackElo "2067"]
[PlyCount "65"]
[EventDate "2021.09.30"]
[EventType "team-tourn"]
[EventRounds "10"]
[EventCountry "ISL"]
[SourceTitle "EXT 2022"]
[Source "ChessBase"]
[SourceDate "2021.10.06"]
[SourceVersion "1"]
[SourceVersionDate "2021.10.06"]
[SourceQuality "1"]
[WhiteTeam "Skakdeild Fjolnis"]
[BlackTeam "Skakfelag Akureyrar"]
[WhiteTeamCountry "ISL"]
[BlackTeamCountry "ISL"]

1. e3 b6 2. b3 Nf6 3. Bb2 e6 4. Nf3 c5 5. d4 Bb7 6. Nbd2 Be7 7. Bd3 cxd4 8. exd4 Nc6 9. a3 Nd5 10. Nc4 Nf4 11. Bf1 0-0 12. Qd2 Qc7 13. 0-0-0 d5 14. Nce5 Nxe5 15. dxe5 Rfc8 16. Kb1 Ng6 17. h4 d4 18. Nxd4 Nxe5 19. f4 Ng4 20. Bd3 Rd8 21. Qe2 h5 22. Nxe6 fxe6 23. Qxe6+ Kf8 24. Bc4 Nh6 25. Qg6 Bf6 26. Bxf6 gxf6 27. Qxh6+ Qg7 28. Qxh5 Be4 29. f5 Re8 30. Rhe1 Re5 31. Be6 Re8 32. Rxe4 Rxe4 33. Rd7 1-0

[Event "ISL-chT1 1920"]
[Site "Reykjavik"]
[Date "2021.05.15"]
[Round "7.1"]
[White "Brynjarsson, Einar Dagur"]
[Black "Thorsteinsson, Erlingur"]
[Result "0-1"]
[WhiteElo "1157"]
[BlackElo "2053"]
[PlyCount "46"]
[EventDate "2019.10.03"]
[EventType "team-tourn"]
[EventRounds "9"]
[EventCountry "ISL"]
[SourceTitle "EXT 2022"]
[Source "ChessBase"]
[SourceDate "2021.10.06"]
[SourceVersion "1"]
[SourceVersionDate "2021.10.06"]
[SourceQuality "1"]
[WhiteTeam "Vikingaklubburinn II"]
[BlackTeam "Skakdeild Fjolnis"]
[WhiteTeamCountry "ISL"]
[BlackTeamCountry "ISL"]

1. e4 c6 2. d4 d5 3. exd5 cxd5 4. Nf3 Nf6 5. Nc3 a6 6. Bf4 e6 7. Bd3 Bd6 8. Ne5 Nc6 9. 0-0 Nxd4 10. Bxa6 Rxa6 11. Qxd4 0-0 12. Bg5 Be7 13. Ng4 Nxg4 14. Bxe7 Qxe7 15. Qxg4 Rb6 16. Qd4 Rb4 17. Qe5 Qf6 18. Qxf6 gxf6 19. b3 Bd7 20. a3 Rb6 21. Rfe1 Rc8 22. Ne2 Rxc2 23. b4 Rc4 0-1

[Event "ISL-chT2 1819"]
[Site "Reykjavik"]
[Date "2019.03.02"]
[Round "6.4"]
[White "Traustason, Ingi Tandri"]
[Black "Thorsteinsson, Erlingur"]
[Result "1-0"]
[WhiteElo "1932"]
[BlackElo "2063"]
[PlyCount "66"]
[EventDate "2018.11.09"]
[EventType "team-tourn"]
[EventRounds "7"]
[EventCountry "ISL"]
[SourceTitle "CBM 189 Extra"]
[Source "ChessBase"]
[SourceDate "2019.06.03"]
[SourceVersion "1"]
[SourceVersionDate "2019.06.03"]
[SourceQuality "1"]
[WhiteTeam "Vinaskakfelagid"]
[BlackTeam "Skakdeild Fjolnis II"]
[WhiteTeamCountry "ISL"]
[BlackTeamCountry "ISL"]

1. d4 Nf6 2. c4 d6 3. Nc3 e5 4. dxe5 dxe5 5. Bg5 Nbd7 6. e4 c6 7. Bd3 Nc5 8. Bc2 Qb6 9. Rb1 Be6 10. b4 Ncd7 11. c5 Qc7 12. Nge2 h6 13. Be3 Ng4 14. Bd2 g5 15. Ng3 Ngf6 16. Qe2 Be7 17. Nf5 Bf8 18. 0-0 Bxf5 19. exf5 Bg7 20. Bb3 0-0 21. Rfd1 Rfe8 22. f3 e4 23. fxe4 Ne5 24. Be1 Neg4 25. Bg3 Ne5 26. Rd6 Re7 27. Rbd1 a5 28. a3 axb4 29. axb4 Nfd7 30. Na4 b5 31. Nc3 Ra7 32. h4 Nc4 33. Bxc4 bxc4 1-0

[Event "Reykjavik op"]
[Site "Reykjavik"]
[Date "2018.03.13"]
[Round "8"]
[White "Jonsson, Olafur Gisli"]
[Black "Thorsteinsson, Erlingur"]
[Result "0-1"]
[WhiteElo "1822"]
[BlackElo "2056"]
[PlyCount "98"]
[EventDate "2018.03.06"]
[EventType "swiss"]
[EventRounds "9"]
[EventCountry "ISL"]
[SourceTitle "CBM 183 Extra"]
[Source "ChessBase"]
[SourceDate "2018.04.19"]
[SourceVersion "1"]
[SourceVersionDate "2018.04.19"]
[SourceQuality "1"]

1. e4 c6 2. d4 d5 3. e5 Na6 4. Nf3 Bf5 5. c3 Nc7 6. Be2 e6 7. 0-0 Be7 8. Be3 h6 9. Qd2 g5 10. Na3 Bxa3 11. bxa3 Qe7 12. Ne1 Qxa3 13. Nd3 Ne7 14. g4 Bg6 15. f4 gxf4 16. Nxf4 Be4 17. Bd3 0-0-0 18. Nh5 Rdg8 19. h3 Nf5 20. Bxe4 dxe4 21. Kh1 Nxe3 22. Qxe3 Nd5 23. Qxe4 Qxc3 24. Kh2 Rd8 25. Rac1 Qd2+ 26. Kh1 Rd7 27. Rc2 Qe3 28. Qf3 Qxd4 29. Nf6 Nxf6 30. exf6 Rd5 31. Re2 h5 32. Re4 hxg4 33. Rxg4 Qd3 34. Qxd3 Rxd3 35. Rg7 Rd2 36. Rxf7 Rxh3+ 37. Kg1 Rg3+ 38. Kh1 Rd8 39. Rf2 Rh8+ 40. Rh2 Rxh2+ 41. Kxh2 Rf3 42. Kg2 Rf5 43. Kg3 c5 44. Rf8+ Kc7 45. f7 c4 46. Re8 Rxf7 47. Rxe6 Rd7 48. Re4 b5 49. Kf4 Kc6 0-1

[Event "Reykjavik op"]
[Site "Reykjavik"]
[Date "2018.03.12"]
[Round "7"]
[White "Thorsteinsson, Erlingur"]
[Black "Povah, Nigel Edward"]
[Result "0-1"]
[WhiteElo "2056"]
[BlackElo "2284"]
[PlyCount "104"]
[EventDate "2018.03.06"]
[EventType "swiss"]
[EventRounds "9"]
[EventCountry "ISL"]
[SourceTitle "CBM 183 Extra"]
[Source "ChessBase"]
[SourceDate "2018.04.19"]
[SourceVersion "1"]
[SourceVersionDate "2018.04.19"]
[SourceQuality "1"]

1. Nf3 d5 2. c4 d4 3. e4 Nc6 4. d3 e5 5. Be2 Bb4+ 6. Nbd2 a5 7. 0-0 Nf6 8. a3 Bd6 9. b3 0-0 10. Bb2 Nd7 11. Qc2 Nc5 12. Rfb1 Qe7 13. Nf1 f5 14. exf5 Bxf5 15. Ng3 Bg6 16. Re1 Qf6 17. Rad1 Ra6 18. Rf1 Rb6 19. Nd2 Qe7 20. Ra1 Nd8 21. Nge4 Nde6 22. g3 Nxe4 23. dxe4 Nc5 24. f3 Qg5 25. Kg2 d3 26. f4 dxc2 27. fxg5 Nxb3 28. c5 Rxf1 29. Rxf1 Nxd2 30. cxb6 Bxe4+ 31. Rf3 cxb6 32. Bc1 Nb1 33. Bc4+ Kh8 34. Bd3 Bxf3+ 35. Kxf3 Bxa3 36. Bxc2 Bxc1 37. Bxb1 b5 38. Ke4 Bb2 39. Kd5 Bd4 40. g4 a4 41. h4 Kg8 42. h5 a3 43. Ke4 Kf7 44. Ba2+ Ke7 45. Bg8 Kd6 46. Ba2 Kc5 47. g6 hxg6 48. hxg6 Kb4 49. Kd3 Bf2 50. Bd5 e4+ 51. Kc2 e3 52. Bf3 Bg3 0-1

[Event "Reykjavik op"]
[Site "Reykjavik"]
[Date "2018.03.11"]
[Round "6"]
[White "Holm, Fridgeir K"]
[Black "Thorsteinsson, Erlingur"]
[Result "0-1"]
[WhiteElo "1746"]
[BlackElo "2056"]
[PlyCount "86"]
[EventDate "2018.03.06"]
[EventType "swiss"]
[EventRounds "9"]
[EventCountry "ISL"]
[SourceTitle "CBM 183 Extra"]
[Source "ChessBase"]
[SourceDate "2018.04.19"]
[SourceVersion "1"]
[SourceVersionDate "2018.04.19"]
[SourceQuality "1"]

1. e4 c5 2. Nf3 Nf6 3. Nc3 e6 4. d4 cxd4 5. Nxd4 Nc6 6. Be3 Qa5 7. Nxc6 dxc6 8. Bd3 e5 9. h3 Be6 10. 0-0 Bc5 11. a3 Bxe3 12. fxe3 Qb6 13. Qc1 Rd8 14. b4 Nd7 15. Qe1 0-0 16. Qg3 a5 17. Rab1 axb4 18. axb4 f6 19. Na4 Qc7 20. Nc5 Nxc5 21. bxc5 Qe7 22. Rb6 Rd7 23. Rfb1 Rf7 24. R1b2 Qxc5 25. Qe1 Rfe7 26. Kf2 Rf7 27. Qb1 Qe7 28. g4 g6 29. Qg1 Rg7 30. R2b4 f5 31. Qg3 fxg4 32. hxg4 Rf7+ 33. Ke2 Qg5 34. Kd2 h5 35. R4b5 Bxg4 36. Rxe5 Qd8 37. Rb4 Rf3 38. Qe1 Qf6 39. Rd4 Qxe5 40. Rxd7 Bxd7 41. Qh4 Qf6 42. Qh1 Rf2+ 43. Be2 Bg4 0-1

[Event "Reykjavik op"]
[Site "Reykjavik"]
[Date "2018.03.08"]
[Round "4"]
[White "Thorsteinsson, Erlingur"]
[Black "Shaw, Robin A"]
[Result "1-0"]
[WhiteElo "2056"]
[BlackElo "1770"]
[PlyCount "77"]
[EventDate "2018.03.06"]
[EventType "swiss"]
[EventRounds "9"]
[EventCountry "ISL"]
[SourceTitle "CBM 183 Extra"]
[Source "ChessBase"]
[SourceDate "2018.04.19"]
[SourceVersion "1"]
[SourceVersionDate "2018.04.19"]
[SourceQuality "1"]

1. d3 g6 2. g3 Bg7 3. Bg2 c5 4. Nc3 Nc6 5. e4 d6 6. Nge2 Bg4 7. h3 Bd7 8. 0-0 Nd4 9. Bg5 h6 10. Bd2 Nf6 11. Nf4 Bc6 12. Ncd5 e6 13. c3 Nb5 14. Re1 0-0 15. Ne3 Nc7 16. Qc1 Kh7 17. Nc4 e5 18. Ne2 Ne6 19. a4 b5 20. axb5 Bxb5 21. Qc2 Bxc4 22. dxc4 Qb6 23. Ra2 Rfb8 24. Rea1 Qb3 25. Qd3 Qb6 26. Be3 a5 27. b4 Nd7 28. b5 Nd8 29. Rd1 Nb7 30. Qd5 Nf6 31. Qd3 Rd8 32. f4 Nd7 33. f5 g5 34. Bd2 Bf6 35. g4 Bg7 36. f6 Bxf6 37. Ng3 Nf8 38. Rf1 Nd7 39. Nh5 1-0

[Event "Reykjavik op"]
[Site "Reykjavik"]
[Date "2018.03.07"]
[Round "2"]
[White "Peoples, Jonathon"]
[Black "Thorsteinsson, Erlingur"]
[Result "0-1"]
[WhiteElo "1763"]
[BlackElo "2056"]
[PlyCount "50"]
[EventDate "2018.03.06"]
[EventType "swiss"]
[EventRounds "9"]
[EventCountry "ISL"]
[SourceTitle "CBM 183 Extra"]
[Source "ChessBase"]
[SourceDate "2018.04.19"]
[SourceVersion "1"]
[SourceVersionDate "2018.04.19"]
[SourceQuality "1"]

1. e4 d6 2. d4 Nf6 3. Nc3 Nbd7 4. Bc4 e5 5. Nf3 Be7 6. Ng5 0-0 7. Bxf7+ Rxf7 8. Ne6 Qe8 9. Nxc7 Qd8 10. Nxa8 b6 11. 0-0 Ba6 12. Re1 Qxa8 13. dxe5 Nxe5 14. b3 Qc8 15. Nd5 Nxd5 16. exd5 Ng4 17. Be3 Bf6 18. c3 Qf5 19. Bd4 h5 20. Bxf6 Qxf2+ 21. Kh1 Qxf6 22. Re8+ Kh7 23. Qc2+ g6 24. g3 Nf2+ 25. Kg2 Qf3+ 0-1

[Event "Reykjavik op"]
[Site "Reykjavik"]
[Date "2018.03.06"]
[Round "1"]
[White "Thorsteinsson, Erlingur"]
[Black "Midoux, Sebastien"]
[Result "0-1"]
[WhiteElo "2056"]
[BlackElo "2319"]
[PlyCount "70"]
[EventDate "2018.03.06"]
[EventType "swiss"]
[EventRounds "9"]
[EventCountry "ISL"]
[SourceTitle "CBM 183 Extra"]
[Source "ChessBase"]
[SourceDate "2018.04.19"]
[SourceVersion "1"]
[SourceVersionDate "2018.04.19"]
[SourceQuality "1"]

1. d3 e5 2. Nf3 Nc6 3. e4 Nf6 4. Be2 d5 5. Nbd2 Bd6 6. 0-0 0-0 7. a3 a5 8. b3 Re8 9. Bb2 Bg4 10. h3 Bh5 11. Re1 Bg6 12. exd5 Nxd5 13. Nc4 Qf6 14. Nxd6 cxd6 15. Nd2 Nf4 16. Bf1 Bf5 17. Qf3 Be6 18. Ne4 Qd8 19. Kh2 f5 20. Nd2 Bd5 21. Qd1 Qb6 22. Kg1 Re6 23. g3 Rg6 24. Re3 Nxh3+ 25. Bxh3 f4 26. Rf3 Bxf3 27. Qxf3 Rxg3+ 28. Qxg3 fxg3 29. Ne4 gxf2+ 30. Nxf2 Nd4 31. Bxd4 Qxd4 32. Be6+ Kf8 33. Rf1 Ke7 34. Bf5 Rf8 35. Bxh7 g6 0-1

[Event "ISL-chT 1617"]
[Site "Reykjavik"]
[Date "2017.03.03"]
[Round "7.2"]
[White "Thorsteinsson, Erlingur"]
[Black "Leosson, Torfi"]
[Result "0-1"]
[WhiteElo "2064"]
[BlackElo "2132"]
[PlyCount "82"]
[EventDate "2016.09.29"]
[EventType "team-tourn"]
[EventRounds "9"]
[EventCountry "ISL"]
[SourceTitle "EXT 2018"]
[Source "ChessBase"]
[SourceDate "2017.10.13"]
[SourceVersion "1"]
[SourceVersionDate "2017.10.13"]
[SourceQuality "1"]
[WhiteTeam "Fjolnis"]
[BlackTeam "Reykjavik II"]
[WhiteTeamCountry "ISL"]
[BlackTeamCountry "ISL"]

1. e4 c5 2. Nf3 g6 3. g3 Bg7 4. Bg2 Nc6 5. 0-0 Nf6 6. Re1 0-0 7. d3 d6 8. Nbd2 Rb8 9. Nc4 b5 10. Ne3 b4 11. a3 a5 12. axb4 axb4 13. Bd2 Qc7 14. Qc1 Bb7 15. Nc4 Ra8 16. Rxa8 Rxa8 17. c3 bxc3 18. Bxc3 Nd7 19. Bxg7 Kxg7 20. Qc3+ e5 21. Ne3 Nb6 22. b3 Bc8 23. Nc4 Be6 24. Ra1 Rxa1+ 25. Qxa1 Bxc4 26. dxc4 Qa7 27. Qd1 Nd4 28. Bf1 Qa3 29. Nxd4 cxd4 30. g4 h6 31. h4 Nd7 32. g5 hxg5 33. hxg5 Nc5 34. Qf3 Ne6 35. Qf6+ Kg8 36. Bh3 Qc1+ 37. Kh2 Qxg5 38. Qxg5 Nxg5 39. Bf1 Nxe4 40. b4 Nxf2 41. Kg3 Ne4+ 0-1

[Event "ISL-chT 1617"]
[Site "Reykjavik"]
[Date "2017.03.02"]
[Round "6.5"]
[White "Knutsson, Larus"]
[Black "Thorsteinsson, Erlingur"]
[Result "1-0"]
[WhiteElo "2017"]
[BlackElo "2064"]
[PlyCount "77"]
[EventDate "2016.09.29"]
[EventType "team-tourn"]
[EventRounds "9"]
[EventCountry "ISL"]
[SourceTitle "EXT 2018"]
[Source "ChessBase"]
[SourceDate "2017.10.13"]
[SourceVersion "1"]
[SourceVersionDate "2017.10.13"]
[SourceQuality "1"]
[WhiteTeam "Vikingaklubburinn"]
[BlackTeam "Fjolnis"]
[WhiteTeamCountry "ISL"]
[BlackTeamCountry "ISL"]

1. e4 e5 2. Nf3 Nc6 3. Bc4 Be7 4. 0-0 Nf6 5. Qe2 0-0 6. c3 d6 7. h3 Be6 8. Bxe6 fxe6 9. d4 exd4 10. cxd4 Qd7 11. Nc3 Rae8 12. a3 Nh5 13. Qb5 Nf4 14. Bxf4 Rxf4 15. d5 exd5 16. exd5 Nb8 17. Rfe1 c6 18. Qd3 Rff8 19. Re3 Bf6 20. Rae1 Rxe3 21. Rxe3 c5 22. Re6 Na6 23. Ne4 Be7 24. Neg5 Bxg5 25. Nxg5 g6 26. Qe4 Qg7 27. Re7 Qf6 28. Qe6+ Qxe6 29. Nxe6 Rb8 30. Rg7+ Kh8 31. Rd7 Kg8 32. Rxd6 Kf7 33. Rd7+ Kf6 34. Rxh7 c4 35. f4 c3 36. bxc3 Rc8 37. Rxb7 Rxc3 38. Rxa7 Nc5 39. Ng5 1-0

[Event "ISL-chT2 1617"]
[Site "Reykjavik"]
[Date "2016.10.01"]
[Round "2.2"]
[White "Magnusson, Gunnar1111"]
[Black "Thorsteinsson, Erlingur"]
[Result "0-1"]
[WhiteElo "2086"]
[BlackElo "2061"]
[PlyCount "57"]
[EventDate "2016.09.30"]
[EventType "team-tourn"]
[EventRounds "7"]
[EventCountry "ISL"]
[SourceTitle "EXT 2018"]
[Source "ChessBase"]
[SourceDate "2017.10.13"]
[SourceVersion "1"]
[SourceVersionDate "2017.10.13"]
[SourceQuality "1"]
[WhiteTeam "Island"]
[BlackTeam "Fjolnis II"]
[WhiteTeamCountry "ISL"]
[BlackTeamCountry "ISL"]

1. d4 e6 2. c4 Bb4+ 3. Bd2 Bxd2+ 4. Qxd2 Ne7 5. Nc3 0-0 6. Nf3 d5 7. e3 Nd7 8. cxd5 exd5 9. Be2 Nf6 10. 0-0 Nf5 11. Rfd1 Re8 12. b4 Nd6 13. Ne5 Nfe4 14. Nxe4 Nxe4 15. Qe1 Be6 16. Rac1 Rc8 17. Nd3 Qe7 18. Nc5 Nd6 19. b5 Qg5 20. a4 Bh3 21. Bf3 Nf5 22. Kh1 Nh4 23. gxh3 Nxf3 24. Qe2 Qf5 25. Kg2 Nh4+ 26. Kh1 b6 27. Nd3 Qe4+ 28. f3 Nxf3 29. Nf2 0-1

[Event "ISL-chT 1415"]
[Site "Reykjavik"]
[Date "2015.03.21"]
[Round "9.1"]
[White "Olafsson, Thorvadur F"]
[Black "Thorsteinsson, Erlingur"]
[Result "1-0"]
[WhiteElo "2213"]
[BlackElo "2119"]
[PlyCount "65"]
[EventDate "2014.10.02"]
[EventType "team-tourn"]
[EventRounds "9"]
[EventCountry "ISL"]
[SourceTitle "EXT 2016"]
[Source "ChessBase"]
[SourceDate "2015.10.08"]
[SourceVersion "1"]
[SourceVersionDate "2015.10.08"]
[SourceQuality "1"]
[WhiteTeam "Reykjavik Taflfelag"]
[BlackTeam "Fjolnis"]
[WhiteTeamCountry "ISL"]
[BlackTeamCountry "ISL"]

1. e4 e5 2. Nf3 Nc6 3. d4 exd4 4. Nxd4 Bc5 5. Be3 Qf6 6. Nb5 Bxe3 7. fxe3 Qd8 8. Qg4 g6 9. Qf4 d6 10. Bc4 Ne5 11. 0-0 Qd7 12. N1c3 a6 13. Na3 b5 14. Bb3 c6 15. Rad1 Ra7 16. Ne2 Qe7 17. Nd4 Bg4 18. Nxc6 Nxc6 19. Qxg4 Nf6 20. Qf4 Nh5 21. Qxd6 Qxd6 22. Rxd6 Ne5 23. c4 b4 24. Nc2 a5 25. Rd5 f6 26. Ba4+ Ke7 27. Nd4 Rc8 28. b3 Ng7 29. h3 Ne6 30. Nxe6 Kxe6 31. Rfd1 h5 32. Rd6+ Ke7 33. Rb6 1-0

[Event "Reykjavik op"]
[Site "Reykjavik"]
[Date "2015.03.13"]
[Round "5"]
[White "Thorsteinsson, Erlingur"]
[Black "Arngrimsson, Dagur"]
[Result "0-1"]
[WhiteElo "2119"]
[BlackElo "2366"]
[PlyCount "94"]
[EventDate "2015.03.10"]
[EventType "swiss"]
[EventRounds "10"]
[EventCountry "ISL"]
[SourceTitle "CBM 165 Extra"]
[Source "ChessBase"]
[SourceDate "2015.04.21"]
[SourceVersion "1"]
[SourceVersionDate "2015.04.21"]
[SourceQuality "1"]

1. Nf3 d5 2. c4 Nf6 3. cxd5 Nxd5 4. e4 Nb6 5. d4 g6 6. Nc3 Bg7 7. Be3 0-0 8. Be2 Bg4 9. Ne5 Bxe2 10. Qxe2 N8d7 11. Nxd7 Qxd7 12. Rd1 f5 13. f3 fxe4 14. fxe4 e5 15. d5 c6 16. dxc6 Qxc6 17. Bf2 Rf7 18. 0-0 Qc4 19. Bxb6 Qxe2 20. Nxe2 Rxf1+ 21. Kxf1 axb6 22. Nc3 Bf8 23. Rd7 Bc5 24. Ke1 Bb4 25. Ke2 Bxc3 26. bxc3 Rxa2+ 27. Kf3 Rc2 28. Rxb7 Rxc3+ 29. Kg4 Re3 30. Rxb6 Rxe4+ 31. Kf3 Rf4+ 32. Ke3 Rh4 33. h3 Kf7 34. Kf3 h6 35. Ra6 Rf4+ 36. Ke3 h5 37. g3 Rb4 38. Kf3 Rb3+ 39. Kf2 h4 40. gxh4 Rxh3 41. Ra4 Kf6 42. Rg4 Rd3 43. Rg5 Rd4 44. Kg3 Rf4 45. Rg4 Rxg4+ 46. Kxg4 Ke6 47. Kg5 e4 0-1

[Event "ISL-chT 1314"]
[Site "Reykjavik"]
[Date "2013.10.13"]
[Round "5.4"]
[White "Locci, Damiano"]
[Black "Thorsteinsson, Erlingur"]
[Result "0-1"]
[WhiteElo "2115"]
[BlackElo "2103"]
[PlyCount "144"]
[EventDate "2013.10.10"]
[EventType "team-tourn"]
[EventRounds "9"]
[EventCountry "ISL"]
[SourceTitle "EXT 2014"]
[Source "ChessBase"]
[SourceDate "2013.11.20"]
[SourceVersion "1"]
[SourceVersionDate "2013.11.20"]
[SourceQuality "1"]
[WhiteTeam "Reykjavik II"]
[BlackTeam "Fjolnis"]
[WhiteTeamCountry "ISL"]
[BlackTeamCountry "ISL"]

1. c4 Nf6 2. Nc3 d5 3. cxd5 Nxd5 4. e4 Nxc3 5. dxc3 Qxd1+ 6. Kxd1 e5 7. Be3 Be6 8. Kc2 Nd7 9. Nf3 f6 10. Nd2 Bc5 11. Bxc5 Nxc5 12. b4 Nd7 13. Bc4 Nf8 14. Rad1 0-0-0 15. Rhe1 Rxd2+ 16. Rxd2 Bxc4 17. Red1 Ne6 18. a4 Rd8 19. Rxd8+ Nxd8 20. g3 Be2 21. Re1 Bg4 22. Kd3 Nf7 23. f4 Bd7 24. b5 Kd8 25. c4 c5 26. f5 Nd6 27. g4 Be8 28. h4 Bf7 29. Rc1 Ke7 30. Rc2 b6 31. Rc1 Kf8 32. h5 h6 33. Rc2 Ke7 34. Rc1 Kd7 35. Rc2 Kc7 36. Rc1 Nb7 37. Rc2 Na5 38. Rc3 Kd6 39. Rc2 Nb3 40. Kc3 Nd4 41. Rf2 Be8 42. Kd3 a6 43. Rb2 axb5 44. axb5 Kc7 45. Rb1 Bd7 46. Rb2 Bc8 47. Rf2 Bd7 48. Rb2 Nf3 49. Rf2 Ng5 50. Re2 Nh3 51. Rh2 Ng5 52. Re2 Nf7 53. Re1 Nd6 54. Rb1 Be8 55. Rb2 Kb7 56. Rb1 Bf7 57. Rc1 Bxc4+ 58. Rxc4 Nxb5 59. Ra4 Nd6 60. Ra1 b5 61. Ke3 c4 62. Rd1 Kc6 63. Ra1 b4 64. Ra6+ Kc5 65. Ra5+ Kb6 66. Rd5 Kc6 67. Rd1 b3 68. Re1 Kc5 69. Kd2 Kb4 70. Kc1 c3 71. Rd1 b2+ 72. Kc2 Nc4 0-1

[Event "ISL-chT 1314"]
[Site "Reykjavik"]
[Date "2013.10.11"]
[Round "2.1"]
[White "Thorsteinsson, Erlingur"]
[Black "Halldorsson, Halldor Brynjar"]
[Result "0-1"]
[WhiteElo "2103"]
[BlackElo "2228"]
[PlyCount "74"]
[EventDate "2013.10.10"]
[EventType "team-tourn"]
[EventRounds "9"]
[EventCountry "ISL"]
[SourceTitle "EXT 2014"]
[Source "ChessBase"]
[SourceDate "2013.11.20"]
[SourceVersion "1"]
[SourceVersionDate "2013.11.20"]
[SourceQuality "1"]
[WhiteTeam "Fjolnis"]
[BlackTeam "Akureyri"]
[WhiteTeamCountry "ISL"]
[BlackTeamCountry "ISL"]

1. d4 Nf6 2. Nc3 c5 3. Nf3 d5 4. e3 Nc6 5. Be2 g6 6. 0-0 Bg7 7. Ne5 0-0 8. f4 e6 9. a3 a6 10. Nxc6 bxc6 11. dxc5 Rb8 12. Rb1 Nd7 13. Bd2 Nxc5 14. b4 Nd7 15. Na4 e5 16. Bc3 Re8 17. Ba1 Qe7 18. Bd3 c5 19. c4 e4 20. Be2 Bxa1 21. Rxa1 cxb4 22. axb4 dxc4 23. Bxc4 Rxb4 24. Qe2 a5 25. Rfc1 Qf6 26. Nc3 Bb7 27. Bb5 Rc8 28. Nd1 Nc5 29. Ra2 Qb6 30. Nc3 Nb3 31. Rcc2 Rxc3 32. Rxc3 Rxb5 33. Qc4 Nc5 34. Kf2 Nd3+ 35. Ke2 Rb2+ 36. Rxb2 Qxb2+ 37. Rc2 Qb1 0-1